| 000 | 01173cam a2200325 i 4500 | ||
|---|---|---|---|
| 999 |
_c3999 _d3999 |
||
| 001 | (Sirsi) a957830 | ||
| 003 | OSt | ||
| 005 | 20241204145549.0 | ||
| 008 | 160201s2011 enka a 000 1 eng d | ||
| 020 |
_a9780330518758 _q(paperback) : _c£5.99 |
||
| 020 |
_a0330518755 _q(paperback) : _c£5.99 |
||
| 040 |
_aTT _beng _cTAE _erda _dKH8 |
||
| 042 | _anbic | ||
| 082 | 0 |
_aFIC GRA _bG776 |
|
| 100 | 1 |
_aGravett, Emily, _eauthor. |
|
| 245 | 1 | 0 |
_aBlue chameleon / _cEmily Gravett. |
| 260 | _c2011. | ||
| 264 | 1 |
_aLondon : _bMacmillan Children's, _c2011. |
|
| 300 |
_a30 unnumbered pages : _bcolor illustrations ; _c25 cm. |
||
| 336 |
_atext _btxt _2rdacontent. |
||
| 337 |
_aunmediated _bn _2rdamedia. |
||
| 338 |
_avolume _bnc _2rdacarrier. |
||
| 520 | _aThe blue chameleon can turn itself into anything and appear to fit in anywhere, but it seems that neither the swirly snail, the green grasshopper nor the stripy sock want to be friends. | ||
| 521 | 1 | _aAges 2-6. | |
| 650 | 0 |
_aChameleons, colour, shape _vJuvenile fiction. |
|
| 650 | 0 |
_aColor _vJuvenile fiction. |
|
| 650 | 0 |
_aFriendship _vJuvenile fiction. |
|
| 655 | 7 | _aPicture books for children. | |
| 942 |
_2ddc _cFIC |
||